000 01481nam0a22003371 4500
001 v19\rc\1560777
005 20070412163350.9
035 _a(NLR Aleph) 005215764
090 _a5455465
_c5455465
100 _a20060620e18911891|||y0rusy50 ca
101 0 _arus
102 _aRU
105 _ay z |||||
200 1 _aЖитие святого Феодора, архиепископа Ростовского
_e(По Синод. списку 1723 г. № 580)
_fС предисл. и примеч. архиеп. Леонида
210 _aМосква
_cУнив. тип.
_d1891
215 _a35 с.
_d22
300 _aПредполагаемый авт.: П. Смелич
309 _aБез тит. л.
311 _aОтт. из № 5-7 "Душеполез. чтения". 1891 г.
488 0 _12001#$aДушеполезное чтение$v1891, № 5-7
702 0 _aФеодор
_cархиепископ Ростовский
_f-1394
_4570
702 0 _aЛеонид
_cКавелин, Лев Александрович, архимандрит
_f1822-1891
_3RU\NLR\AUTH\7712175
_4080
_4212
_7ca
702 1 _aСмелич
_bП.
_f1744-
_gПетр
_4330
790 1 _6z01702
_aКавелин
_bЛ. А.
_f1822-1891
_gЛев Александрович
801 0 _aRU
_bNLR
_c20060620
_gpsbo
801 0 _aRU
_bRuMoRGB
_c20060620
_2psbo
801 1 _aRU
_bProSoft-M
_c20060620
_2rusmarc
801 2 _aRU
_bNLR
_c20070412
_2rusmarc
852 _aNLR
_j18.295.4.457
942 _cBOOK
980 _aNB